000 00622nam a2200217Ia 4500
003 IT-RoPAU
005 20220918175827.0
008 120407s9999 xx 000 0 und d
040 _aIT-RoPAU
_c20140514152219.0
040 _cIT-RoPAU
041 _aita
100 _aAlberione, Giacomo
_915
245 _a"Vivit vero in me Christus” (Gl 2,20).
_bBrani delle prediche del Primo Maestro alle PDDM: 1956-1968.
260 _c1968
_aRoma
_bCasa Generalizia PDDM
300 _a30 p.
_c30 cm
490 _aRaccolta monografica
490 _v3° Vol.
500 _aUso manoscritto
942 _cBK
_2ddc
999 _c31889
_d31889